LDR 00831naa#a2200193#i#450# 001 RU\\bibl\121722 005 20260513020909.3 011 ## _a3034-4689 100 ## _a20260424b2026####ek#y0rusy0150####ca 102 ## _aRU 200 1# _aСИНТЕЗ И СВОЙСТВА ФОТОКАТАЛИТИЧЕСКИХ МАТЕРИАЛОВ НА ОСНОВЕ СИСТЕМЫ TIO2-SIO2/ZNO _eЖурнальная статья 210 1# _aКазань _cКазанский национальный исследовательский технологический университет _d2026 215 ## _a4 с. 608 ## _aЖурнальная статья _2local 700 #1 _aЛютова _gЕкатерина Сергеевна 700 #1 _aИванова _gД. К. 700 #1 _aБорило _gЛ. П. 700 #1 _aБузаев _gА. А. 856 4# _avestniktu.ru _u